000 006140000a22002290004500
041 0 _aEspañol
090 _aMM
_b00033
245 1 0 _aAmazonas
_ssecretos de río dorado
300 _a47 min.
_bVHS
650 1 4 _aHidrografía
_95361
650 1 4 _aFauna
_992594
650 1 4 _aPeces
_992349
650 1 4 _aUso de fauna silvestre
_916285
650 1 4 _aBosques tropicales
_992765
651 4 _lRío Amazonas
_992749
651 4 _lCuenca amazónica
_992749
041 0 _aEspañol
110 1 _aABC World of Discovery
_9100860
260 _as.l.
_bCapital Cities
_c1991
260 _bABC Video Inc.
942 _cCD-ROM
999 _c16451
_d16451